| 000 | 01211nam a22002177a 4500 | ||
|---|---|---|---|
| 999 |
_c60356 _d60356 |
||
| 003 | Ge_BSU | ||
| 005 | 20230703154118.0 | ||
| 008 | 230703s2009ge xxu||||| |||| 00| 0 geo d | ||
| 020 | _a 9789994098071 | ||
| 041 | _ageo | ||
| 080 | _a903.5 (479.22) ბ-91 | ||
| 100 |
_a ბრაუნდი, დევიდ _919146 |
||
| 245 |
_aსაგანძური ზღუდერიდან (საქართველო) = The treasures of Zghuderi (Georgia) : _bელიტარული სამარხები კავკასიის იბერიიდან რომაულ ხანაში (ახ.წ.200-250) / _cდევიდ ბრაუნდი, ქეთევან ჯავახიშვილი, გურამ ნემსაძე ; |
||
| 264 |
_aთბილისი, _c 2009. |
||
| 300 |
_a 99 გვ. ; _bილ. |
||
| 653 | _aსამარხები საქართველოში | ||
| 700 |
_a ჯავახიშვილი, ქეთევან _919147 |
||
| 700 |
_a ნემსაძე, გურამი _919148 |
||
| 710 |
_aსაქართველოს ეროვნული მუზეუმი _919149 |
||
| 942 |
_2udc _cBK |
||